Southville International School and Colleges
Your cart is empty.
  • Cart
  • Lists
    Public lists Eva Luna New books Lux_list list_1
    Your lists Log in to create your own lists
  • Log in to your account
  • Your cookies
  • Search history
Southville International School and Colleges
  • Advanced search
  • Recent comments
  • Most popular
  • Libraries

Log in to your account

Log in with GOOGLE


If you do not have an external account, but do have a local account, you can still log in:

  1. Home
  2. MARC view: Strategy :
Normal view MARC view ISBD view

Strategy : (Record no. 25344)

[ view plain ]
MARC details
000 -LEADER
fixed length control field 01263nam a2200241 a 4500
003 - CONTROL NUMBER IDENTIFIER
control field SISC
005 - DATE AND TIME OF LATEST TRANSACTION
control field 20170118162148.0
008 - FIXED-LENGTH DATA ELEMENTS--GENERAL INFORMATION
fixed length control field 120904s19uu xx 00 eng d
020 ## - INTERNATIONAL STANDARD BOOK NUMBER
International Standard Book Number 9781849201520
050 ## - LIBRARY OF CONGRESS CALL NUMBER
Classification number HD 30.28
Item number .C624 2011
100 ## - MAIN ENTRY--PERSONAL NAME
Personal name Clegg, Stewart.
245 ## - TITLE STATEMENT
Title Strategy :
Remainder of title theory and practice /
Statement of responsibility, etc Stewart Clegg, Chris Carter, Martin Kornberger, Jochen Schweitzer.
260 ## - PUBLICATION, DISTRIBUTION, ETC. (IMPRINT)
Place of publication, distribution, etc Los Angeles, CA :
Name of publisher, distributor, etc Sage,
Date of publication, distribution, etc 2011.
300 ## - PHYSICAL DESCRIPTION
Extent xxvii, 460 pages :
Other physical details color illustrations ;
Dimensions 28 cm.
500 ## - GENERAL NOTE
General note Includes bibliographical references and index.
520 ## - SUMMARY, ETC.
Summary, etc The context and emergence of strategic thinking -- Strategy and competitive performance -- Strategy discovers uniqueness: the role of resources and knowledge -- Strategy as process and practice -- Marketing and branding as strategic forces -- Strategy and innovation -- Strategists, top management teams and governance -- Strategic decision-making -- Organizational politics and strategy -- International and collaborative strategies -- Financialization, risk and accountability -- Globalization and strategy.
650 ## - SUBJECT ADDED ENTRY--TOPICAL TERM
Topical term or geographic name as entry element Strategic planning.
700 ## - ADDED ENTRY--PERSONAL NAME
Personal name Carter, Chris.
700 ## - ADDED ENTRY--PERSONAL NAME
Personal name Kornberger, Martin
700 ## - ADDED ENTRY--PERSONAL NAME
Personal name Schweitzer, Jochen
942 ## - ADDED ENTRY ELEMENTS (KOHA)
Koha item type Books
Source of classification or shelving scheme Library of Congress Classification
Call number prefix Foreign
Holdings
Withdrawn status Lost status Source of classification or shelving scheme Damaged status Home library Current library Shelving location Date acquired Source of acquisition Cost, normal purchase price Total Checkouts Total Renewals Full call number Barcode Date last seen Date checked out Copy number Price effective from Koha item type
    Library of Congress Classification   College Library College Library General Circulation Section 09/05/2012 Donation 5031.00 2 1 HD 30.28 .C624 2011 C15383 10/22/2016 09/08/2016 1 10/18/2013 Books

Strategy :

APA

Clegg S., Carter C., Kornberger M. & Schweitzer J. (2011). Strategy. Los Angeles, CA: Sage.

Chicago

Clegg Stewart, Carter Chris, Kornberger Martin and Schweitzer Jochen. 2011. Strategy. Los Angeles, CA: Sage.

Harvard

Clegg S., Carter C., Kornberger M. and Schweitzer J. (2011). Strategy. Los Angeles, CA: Sage.

MLA

Clegg Stewart, Carter Chris, Kornberger Martin and Schweitzer Jochen. Strategy. Los Angeles, CA: Sage. 2011.

  • Place hold
  • Print
  • Cite
  • Add to your cart (remove)
  • Save record
    BIBTEX Dublin Core MARCXML MARC (non-Unicode/MARC-8) MARC (Unicode/UTF-8) MARC (Unicode/UTF-8, Standard) MODS (XML) RIS
  • More searches
    Search for this title in:
    Other Libraries (WorldCat) Other Databases (Google Scholar) Online Stores (Bookfinder.com) Open Library (openlibrary.org)

Exporting to Dublin Core...

SOUTHVILLE LIBRARY

Southville International School and Colleges Library

1281 Tropical Ave. Cor. Luxembourg St., BF Homes International, Las Pinas City

Tel. No. 8256374 / 252358 Loc. 117/146

Powered by Koha